Technológia pre 3. ročník stredných priemyselných škôl drevárskych odbor stolárstvo /

Uložené v:
Podrobná bibliografia
Hlavný autor: Tomášik, Ján (Author)
Médium: Kniha
Jazyk:Slovak
Vydané: Bratislava : Alfa, 1980.
Vydanie:1. vyd.
Edícia:Edícia drevárskej literatúry
ISBN: (viaz.)
Fyzický popis: 223 s. : obr., tb.
Tagy: Pridať tag
Žiadne tagy, Buďte prvý kto otaguje tento záznam!

MARC

LEADER 00000nam a22000001a 4500
001 000163607
005 20091107234925.0
008 040629s1980 xo slo d
020 |a (viaz.) 
040 |a SVKKK  |b slo  |c SVKKK  |e AACR2 
041 0 |a slo 
044 |a xo  |c SK 
100 1 |a Tomášik, Ján  |4 aut 
245 1 0 |a Technológia pre 3. ročník stredných priemyselných škôl drevárskych odbor stolárstvo /  |c Ján Tomášik. 
250 |a 1. vyd. 
260 |a Bratislava :  |b Alfa,  |c 1980. 
300 |a 223 s. :  |b obr., tb. 
490 1 |a Edícia drevárskej literatúry 
910 |a svkkk 
998 |a BK 
090 |g SCKHL  |k Sklad Pribinova 2. posch.  |a II.258707  |j 620801  |i 163607-10  |s Absenčne